[Event "XIII Figueira da Foz Open 2019"]
[Site "Figueira da Foz"]
[Date "2019.10.27"]
[Round "1.1"]
[White "Grigoryan, Karen H."]
[Black "Guerreiro, Nuno"]
[Result "1/2-1/2"]
[WhiteElo "2608"]
[BlackElo "2069"]
[Annotator "TA"]
[PlyCount "41"]
[EventDate "2019.10.27"]
[EventType "swiss"]
[EventCountry "POR"]
[SourceTitle "playchess.com"]
[Source "ChessBase"]
[SourceQuality "1"]

{[%evp 9,41,64,70,64,72,72,72,74,72,78,72,80,79,83,89,29,45,0,7,-29,50,35,81,58,66,76,447,359,341,199,202,200,200,200]} 1. e4 Nc6 2. d4 d5 3. e5 f6 4. Bb5 (4. f4 Bf5 5. Nf3 Qd7 6. c3 Nh6 7. Be3 e6 8. Nbd2 Be7 9. Be2 O-O 10. h3 fxe5 11. fxe5 Bg6 12. O-O Nf5 {1-0 (41) Bocharov,D (2560)-Schneider,I (2481) Berlin 2015}) 4... a6 5. Bxc6+ bxc6 6. Ne2 {B00: Queen's Fianchetto Defence, Nimzowitsch Defence} c5 7. O-O $146 ({Predecessor:} 7. c3 e6 8. Nf4 Qd7 9. O-O f5 10. b3 cxd4 11. cxd4 a5 {1-0 (22) Emodi,G (2407)-Majzik,L (2334) Hungary 2002}) 7... cxd4 8. Nxd4 {White is better.} c5 9. Nf3 fxe5 10. Nxe5 Nf6 11. c4 e6 12. Bg5 (12. cxd5 $16 {aiming for Nc3.} Qxd5 13. Qa4+ Bd7 14. Nxd7 Qxd7 15. Qxd7+ Kxd7 16. Rd1+ Nd5 17. Nc3) 12... Bd6 $11 13. f4 {[#] Threatens to win with Bxf6.} O-O 14. Nc3 {[%cal Rc4d5]} d4 ({Better is} 14... Bb7 $11) 15. Ne4 $1 $14 Qc7 16. Nxf6+ ({Don't play} 16. Nxd6 $6 Qxd6 17. Qe2 Bb7 $11) 16... gxf6 17. Bh6 $36 {[%mdl 2048] Hoping for Rf3. White has strong initiative.} Re8 $2 {[%mdl 8192]} ({But not} 17... fxe5 $2 18. Qg4+ Kh8 19. fxe5 $18) (17... Bb7 $16 18. Bxf8 Rxf8) 18. Qg4+ Kh8 19. Qh5 (19. Qh4 $142 Qe7 {[#]} 20. Bf8 $1 {[%mdl 576] Decoy} Qxf8 21. Ng6+ {[%mdl 64] Double Attack} Kg8 22. Nxf8 Rxf8 23. Rae1) 19... Re7 $18 {Black wants to play ...Bb7.} 20. Bf8 Bxe5 21. fxe5 {Accuracy: White = 63%, Black = 56%.} 1/2-1/2

[Event "XIII Figueira da Foz Open 2019"]
[Site "Figueira da Foz"]
[Date "2019.10.27"]
[Round "1.2"]
[White "Tadevosyan, Aspet"]
[Black "Maiorov, Nikita"]
[Result "0-1"]
[WhiteElo "1998"]
[BlackElo "2517"]
[Annotator "RC"]
[PlyCount "70"]
[EventDate "2019.10.27"]
[EventType "swiss"]
[EventCountry "POR"]
[SourceTitle "playchess.com"]
[Source "ChessBase"]
[SourceQuality "1"]
[TimeControl "40/5400+30:1800+30"]

1. d4 {[%emt 0:00:00]} Nf6 {[%emt 0:00:07]} 2. c4 {[%emt 0:00:00]} e6 {[%emt 0:00:09]} 3. Nc3 {[%emt 0:00:22]} Bb4 {[%emt 0:00:05]} 4. Qc2 {[%emt 0:00:09]} O-O {[%emt 0:00:29]} 5. a3 {[%emt 0:00:28]} Bxc3+ {[%emt 0:00:05]} 6. Qxc3 {[%emt 0:00:05]} b6 {[%emt 0:02:20]} 7. Bg5 {[%emt 0:00:39]} c5 {[%emt 0:00:09]} 8. dxc5 {[%emt 0:11:14]} bxc5 {[%emt 0:00:04]} 9. Nf3 {[%emt 0:00:08]} d6 {[%emt 0:00:13]} 10. e3 {[%emt 0:03:27]} a5 {[%emt 0:00:24]} 11. Bd3 {[%emt 0:02:44]} Nbd7 {[%emt 0:03:36]} 12. O-O {[%emt 0:07:58]} Bb7 {[%emt 0:00:12]} 13. Rfd1 {[%emt 0:01:40]} Ra6 {[%emt 0:02:03]} 14. Nd2 {[%emt 0:21:28]} Qa8 {[%emt 0:00:51]} 15. f3 {[%emt 0:00:41]} Rb8 {[%emt 0:00:56]} 16. Nf1 {[%emt 0:13:07]} Rb6 {[%emt 0:02:01]} 17. Be2 {[%emt 0:01:20]} Ne8 {[%emt 0:12:59]} 18. Bf4 {[%emt 0:01:47]} a4 {[%emt 0:03:13]} 19. Rd2 {[%emt 0:03:09]} e5 {[%emt 0:04:26]} 20. Bg3 {[%emt 0:00:35]} Bc6 {[%emt 0:00:20]} 21. Bd1 {[%emt 0:01:55]} Qb7 {[%emt 0:02:05]} 22. Rb1 {[%emt 0:00:34]} Ndf6 {[%emt 0:02:15]} 23. Bh4 {[%emt 0:01:50]} Qe7 {[%emt 0:05:18]} 24. Bc2 {[%emt 0:04:24]} Qe6 {[%emt 0:11:24]} 25. Ng3 {[%emt 0:02:58]} h6 {[%emt 0:01:30]} 26. Nf5 {[%emt 0:03:36]} e4 {[%emt 0:03:33]} 27. Bxf6 {[%emt 0:01:43]} Qxf5 {[%emt 0:03:08]} 28. Bh4 {[%emt 0:06:18]} Qh5 {[%emt 0:00:33]} 29. Bg3 {[%emt 0:00:15]} exf3 {[%emt 0:00:51]} 30. e4 {[%emt 0:00:07]} fxg2 {[%emt 0:07:54]} 31. Rxg2 {[%emt 0:00:06]} f6 {[%emt 0:02:36]} 32. Rf1 {[%emt 0:05:52]} Rxb2 {[%emt 0:04:09]} 33. Rf5 {[%emt 0:00:34]} Qg4 {[%emt 0:07:33]} 34. Bf4 {[%emt 0:01:38]} Qxg2+ {[%emt 0:00:58]} 35. Kxg2 {[%emt 0:00:11]} Bxe4+ {[%emt 0:00:04]} 0-1

[Event "XIII Figueira da Foz Open 2019"]
[Site "Figueira da Foz"]
[Date "2019.10.27"]
[Round "1.3"]
[White "Spraggett, Kevin"]
[Black "Adams, Philip"]
[Result "1-0"]
[WhiteElo "2513"]
[BlackElo "1993"]
[Annotator "RC"]
[PlyCount "51"]
[EventDate "2019.10.27"]
[EventType "swiss"]
[EventCountry "POR"]
[SourceTitle "playchess.com"]
[Source "ChessBase"]
[SourceQuality "1"]
[TimeControl "40/5400+30:1800+30"]

1. d4 {[%emt 0:00:00]} Nf6 {[%emt 0:00:00]} 2. c4 {[%emt 0:00:23]} e6 {[%emt 0:00:09]} 3. Nf3 {[%emt 0:00:35]} c5 {[%emt 0:00:40]} 4. d5 {[%emt 0:00:33]} d6 {[%emt 0:00:10]} 5. Nc3 {[%emt 0:00:23]} exd5 {[%emt 0:00:06]} 6. cxd5 {[%emt 0:00:05]} g6 {[%emt 0:00:11]} 7. Nd2 {[%emt 0:00:23]} Bg7 {[%emt 0:00:23]} 8. e4 {[%emt 0:00:11]} O-O {[%emt 0:00:24]} 9. Be2 {[%emt 0:00:07]} Ne8 {[%emt 0:02:03]} 10. O-O {[%emt 0:00:37]} f5 {[%emt 0:00:33]} 11. exf5 {[%emt 0:02:30]} Bxf5 {[%emt 0:00:27]} 12. Nde4 {[%emt 0:00:58]} Na6 {[%emt 0:04:24]} 13. Bg5 {[%emt 0:05:05]} Qb6 {[%emt 0:02:42]} 14. Qd2 {[%emt 0:01:39]} Rf7 {[%emt 0:11:45]} 15. Ng3 {[%emt 0:05:32]} Bd7 {[%emt 0:05:32]} 16. h4 {[%emt 0:02:08]} Nac7 {[%emt 0:05:08]} 17. h5 {[%emt 0:01:07]} Nb5 {[%emt 0:08:40]} 18. hxg6 {[%emt 0:01:18]} hxg6 {[%emt 0:00:05]} 19. Bd3 {[%emt 0:02:44]} Nxc3 {[%emt 0:07:16]} 20. bxc3 {[%emt 0:00:24]} Bf5 {[%emt 0:00:21]} 21. Bxf5 {[%emt 0:23:33]} gxf5 {[%emt 0:00:22]} 22. Qc2 {[%emt 0:00:06]} f4 {[%emt 0:05:39]} 23. Nf5 {[%emt 0:00:23]} Qc7 {[%emt 0:06:40]} 24. Rae1 {[%emt 0:09:45]} f3 {[%emt 0:05:35]} 25. Ne7+ {[%emt 0:02:21]} Kh8 {[%emt 0:01:44]} 26. Qg6 {[%emt 0:01:11] Kg8} 1-0

[Event "XIII Figueira da Foz Open 2019"]
[Site "Figueira da Foz"]
[Date "2019.10.27"]
[Round "1.4"]
[White "Heeren, Arnoldo"]
[Black "Jakubowski, Krzysztof"]
[Result "0-1"]
[WhiteElo "1929"]
[BlackElo "2494"]
[Annotator "RC"]
[PlyCount "50"]
[EventDate "2019.10.27"]
[EventType "swiss"]
[EventCountry "POR"]
[SourceTitle "playchess.com"]
[Source "ChessBase"]
[SourceQuality "1"]
[TimeControl "40/5400+30:1800+30"]

1. Nf3 {[%emt 0:00:02]} d5 {[%emt 0:02:56]} 2. g3 {[%emt 0:00:13]} c6 {[%emt 0:00:13]} 3. Bg2 {[%emt 0:00:12]} Bg4 {[%emt 0:00:12]} 4. O-O {[%emt 0:00:34]} Nd7 {[%emt 0:00:00]} 5. d4 {[%emt 0:00:23]} e6 {[%emt 0:00:10]} 6. Nc3 {[%emt 0:00:21]} f5 {[%emt 0:00:21]} 7. Qd3 {[%emt 0:01:43]} Qf6 {[%emt 0:13:02]} 8. Bf4 {[%emt 0:03:50]} Bxf3 {[%emt 0:00:35]} 9. Bxf3 {[%emt 0:00:43]} g5 {[%emt 0:02:55]} 10. Bd2 {[%emt 0:01:32]} h5 {[%emt 0:01:16]} 11. e3 {[%emt 0:02:16]} h4 {[%emt 0:01:53]} 12. Kg2 {[%emt 0:02:51]} Ne7 {[%emt 0:01:22]} 13. Rh1 {[%emt 0:02:37]} e5 {[%emt 0:00:29]} 14. dxe5 {[%emt 0:00:26]} Nxe5 {[%emt 0:00:17]} 15. Qd4 {[%emt 0:00:41]} Bg7 {[%emt 0:10:37]} 16. Be2 {[%emt 0:02:18]} Qf7 {[%emt 0:06:54]} 17. Qb4 {[%emt 0:02:27]} O-O-O {[%emt 0:02:48]} 18. f4 {[%emt 0:03:39]} Nc4 {[%emt 0:00:47]} 19. Bxc4 {[%emt 0:02:43]} dxc4 {[%emt 0:00:06]} 20. Rad1 {[%emt 0:01:20]} hxg3 {[%emt 0:00:27]} 21. hxg3 {[%emt 0:00:46]} Rxh1 {[%emt 0:00:10]} 22. Kxh1 {[%emt 0:00:13]} Nd5 {[%emt 0:00:52]} 23. Nxd5 {[%emt 0:01:50]} Qh5+ {[%emt 0:01:15]} 24. Kg2 {[%emt 0:00:26]} Qe2+ {[%emt 0:00:06]} 25. Kg1 {[%emt 0:01:17]} Qxd1+ {[%emt 0:00:07]} 0-1

[Event "XIII Figueira da Foz Open 2019"]
[Site "Figueira da Foz"]
[Date "2019.10.27"]
[Round "1.5"]
[White "Stella, Andrea"]
[Black "Puglia, Francesco"]
[Result "1-0"]
[WhiteElo "2484"]
[BlackElo "1916"]
[Annotator "RC"]
[PlyCount "47"]
[EventDate "2019.10.27"]
[EventType "swiss"]
[EventCountry "POR"]
[SourceTitle "playchess.com"]
[Source "ChessBase"]
[SourceQuality "1"]
[TimeControl "40/5400+30:1800+30"]

1. d4 {[%emt 0:00:00]} Nf6 {[%emt 0:00:00]} 2. c4 {[%emt 0:00:00]} g6 {[%emt 0:00:00]} 3. g3 {[%emt 0:00:00]} Bg7 {[%emt 0:00:00]} 4. Bg2 {[%emt 0:00:00]} d5 {[%emt 0:00:00]} 5. Nf3 {[%emt 0:00:35]} dxc4 {[%emt 0:00:06]} 6. Na3 {[%emt 0:01:05]} c3 {[%emt 0:00:03]} 7. bxc3 {[%emt 0:00:09]} c5 {[%emt 0:02:08]} 8. O-O {[%emt 0:00:08]} O-O {[%emt 0:00:49]} 9. Re1 {[%emt 0:00:19]} Nc6 {[%emt 0:01:35]} 10. Bb2 {[%emt 0:00:04]} Ne4 {[%emt 0:17:58]} 11. Qc2 {[%emt 0:14:00]} f5 {[%emt 0:14:17]} 12. Rad1 {[%emt 0:05:46]} Qc7 {[%emt 0:04:36]} 13. d5 {[%emt 0:09:29]} Ne5 {[%emt 0:05:48]} 14. Nxe5 {[%emt 0:04:54]} Qxe5 {[%emt 0:03:18]} 15. Ba1 {[%emt 0:26:19]} Qf6 {[%emt 0:05:31]} 16. c4 {[%emt 0:01:15]} Qf7 {[%emt 0:11:40]} 17. Bxg7 {[%emt 0:01:39]} Kxg7 {[%emt 0:00:19]} 18. Nb5 {[%emt 0:10:24]} e5 {[%emt 0:22:48]} 19. Qb2 {[%emt 0:09:08]} Qf6 {[%emt 0:03:33]} 20. d6 {[%emt 0:00:33]} Be6 {[%emt 0:03:58]} 21. Nc7 {[%emt 0:02:18]} Rad8 {[%emt 0:01:13]} 22. f4 {[%emt 0:07:33]} Bxc4 {[%emt 0:00:42]} 23. fxe5 {[%emt 0:00:13]} Qf7 {[%emt 0:00:23]} 24. e6+ {[%emt 0:00:53]} 1-0

[Event "XIII Figueira da Foz Open 2019"]
[Site "Figueira da Foz"]
[Date "2019.10.27"]
[Round "1.6"]
[White "Silva, Mariana Sofia T."]
[Black "Galego, Luis"]
[Result "0-1"]
[WhiteElo "1880"]
[BlackElo "2483"]
[Annotator "RC"]
[PlyCount "22"]
[EventDate "2019.10.27"]
[EventType "swiss"]
[EventCountry "POR"]
[SourceTitle "playchess.com"]
[Source "ChessBase"]
[SourceQuality "1"]
[TimeControl "40/5400+30:1800+30"]

1. Nf3 {[%emt 0:00:00]} Nf6 {[%emt 0:03:22]} 2. g3 {[%emt 0:00:00]} d5 {[%emt 0:00:47]} 3. Bg2 {[%emt 0:00:16]} c6 {[%emt 0:00:17]} 4. b3 {[%emt 0:00:34]} g6 {[%emt 0:00:46]} 5. Bb2 {[%emt 0:00:10]} Bg7 {[%emt 0:00:06]} 6. O-O {[%emt 0:00:32]} O-O {[%emt 0:00:10]} 7. c4 {[%emt 0:01:28]} Bg4 {[%emt 0:03:19]} 8. h3 {[%emt 0:03:54]} Bxf3 {[%emt 0:00:50]} 9. Bxf3 {[%emt 0:00:09]} Re8 {[%emt 0:02:24]} 10. d4 {[%emt 0:03:55]} Nbd7 {[%emt 0:03:16]} 11. cxd5 {[%emt 0:03:50]} Nxd5 {[%emt 0:05:17]} 0-1

[Event "XIII Figueira da Foz Open 2019"]
[Site "Figueira da Foz"]
[Date "2019.10.27"]
[Round "1.7"]
[White "Klekowski, Maciej"]
[Black "Babo, Miguel"]
[Result "1-0"]
[WhiteElo "2481"]
[BlackElo "1827"]
[Annotator "RC"]
[PlyCount "51"]
[EventDate "2019.10.27"]
[EventType "swiss"]
[EventCountry "POR"]
[SourceTitle "playchess.com"]
[Source "ChessBase"]
[SourceQuality "1"]
[TimeControl "40/5400+30:1800+30"]

1. c4 e6 {[%emt 0:03:28]} 2. Nf3 {[%emt 0:00:00]} Nf6 {[%emt 0:00:46]} 3. g3 b6 4. Bg2 Bb7 5. O-O Be7 6. Nc3 O-O 7. Re1 d6 8. e4 Nbd7 9. d4 a6 10. e5 Ne8 11. Qc2 Rb8 12. Bf4 Bxf3 13. Bxf3 Bg5 14. Bxg5 Qxg5 15. Bc6 Rd8 16. Rad1 Nb8 17. Bg2 c6 18. a4 dxe5 19. dxe5 Nc7 20. f4 Qe7 21. Ne4 Qb4 22. Ng5 g6 23. Ne4 Kg7 24. b3 Rd7 25. Nf6 Rd4 26. Rxd4 1-0

[Event "XIII Figueira da Foz Open 2019"]
[Site "Figueira da Foz"]
[Date "2019.10.27"]
[Round "1.8"]
[White "Morais, Mario Martins Freita"]
[Black "Clarke, Brandon G I"]
[Result "0-1"]
[WhiteElo "1742"]
[BlackElo "2445"]
[Annotator "TA"]
[PlyCount "104"]
[EventDate "2019.10.27"]
[EventType "swiss"]
[EventCountry "POR"]
[SourceTitle "playchess.com"]
[Source "ChessBase"]
[SourceQuality "1"]

{[%evp 11,104,-3,-9,-6,8,2,0,-20,-2,-8,20,0,23,27,22,0,1,2,15,-30,0,0,0,0,0,-4,0,-3,0,-11,0,-74,-65,-64,-20,-65,0,-84,-78,-85,-86,-77,-75,-102,-91,-134,-139,-135,-130,-168,-137,-283,-278,-274,-258,-228,-206,-244,-246,-250,-172,-182,-130,-215,-191,-239,-220,-270,-247,-466,-459,-465,-456,-459,-434,-391,-349,-501,-426,-616,-618,-681,-686,-720,-612,-944,-859,-29980,-29981,-29981,-29982,-29978,-29967,-3039,-2922]} 1. d4 Nf6 2. Nf3 g6 3. Bf4 Bg7 4. e3 O-O 5. Bd3 d6 6. h3 Nbd7 7. O-O {A48: 1 d4 Nf6 2 Nf3 g6: Torre, London and Colle Systems} Qe8 {[#] ...e5 is the strong threat.} 8. Bh2 e5 {Hoping for ...e4.} 9. dxe5 {The position is equal.} dxe5 {White must now prevent ...e4.} 10. e4 Nh5 11. Re1 $146 ({Predecessor:} 11. Nc3 c6 12. a4 Qe7 13. Qc1 Re8 14. Bc4 h6 {½-½ (23) Gagunashvili,M (2588)-Mchedlishvili,M (2601) Tbilisi 2017}) 11... Nc5 12. Nc3 c6 13. Bf1 Qe7 14. Qc1 Qc7 15. Rb1 a5 16. Qe3 b6 17. Rbd1 Ne6 18. Qc1 Re8 19. Ne2 a4 20. c3 Nc5 21. g4 (21. Ned4 $11 {keeps the balance.}) 21... Nf6 $17 22. Ng3 Be6 23. c4 Nfd7 (23... Bc8 $1 $15) 24. Ng5 (24. Nf5 $1 $11) 24... h6 25. Nxe6 Nxe6 26. Ne2 Ndc5 27. f3 Qe7 28. Kg2 Bf6 29. Bg3 Kh7 30. Qc3 Rad8 31. Bf2 (31. b3 $17) 31... Bh4 $19 32. Bg3 Bxg3 33. Kxg3 Qf6 34. b4 axb3 $1 35. axb3 Nd4 36. Nxd4 exd4 ({Black should play} 36... Rxd4 $19 37. Rxd4 exd4) 37. Qb2 (37. Qc1 $17 {was worth a try.}) 37... h5 38. b4 Ne6 39. e5 {[#]} h4+ $1 40. Kg2 $2 (40. Kf2 Qf4 41. Kg1) 40... Nf4+ 41. Kh1 Rxe5 42. Rxe5 Qxe5 43. Qf2 Qf6 44. Re1 (44. g5 $142 Qxg5 45. Rxd4) 44... c5 45. bxc5 (45. Qb2 $142) 45... bxc5 46. Re4 {intending Rxf4!} g5 47. Qd2 Ra8 48. Bd3 {And now Rxf4+ would win.} Kg7 49. Rxf4 Qxf4 50. Qxf4 gxf4 51. Kg2 Ra2+ 52. Kf1 Rh2 {Accuracy: White = 21%, Black = 66%.} 0-1

[Event "XIII Figueira da Foz Open 2019"]
[Site "Figueira da Foz"]
[Date "2019.10.27"]
[Round "1.9"]
[White "Martin Duque, Jesus"]
[Black "Barrento, Jorge Maria Lopes"]
[Result "1-0"]
[WhiteElo "2445"]
[BlackElo "1739"]
[Annotator "TA"]
[PlyCount "45"]
[EventDate "2019.10.27"]
[EventType "swiss"]
[EventCountry "POR"]
[SourceTitle "playchess.com"]
[Source "ChessBase"]
[SourceQuality "1"]

{[%evp 14,45,46,27,56,56,65,62,62,66,54,50,88,90,119,121,117,118,122,115,154,123,172,166,232,229,238,225,227,208,664,660,619,634]} 1. e4 Nf6 2. e5 Nd5 3. c4 Nb6 4. d4 d6 5. exd6 exd6 6. Nc3 Be7 7. Bd3 Nc6 8. Be3 d5 {B03: Alekhine's Defence: Four Pawns Attack} (8... O-O 9. b3 Bf6 10. Nge2 Bg4 11. Qd2 Re8 12. O-O Bh5 13. Nf4 Bg6 14. Nxg6 hxg6 15. Be4 Rb8 16. g4 g5 {1-0 (50) Neiksans,A (2566)-Boros,D (2466) Las Vegas 2019}) 9. c5 Nc4 10. Bxc4 $1 dxc4 {White is slightly better.} 11. Qa4 O-O 12. Qxc4 Bg5 13. Nf3 $36 {[%mdl 2048] White is on the roll.} Bxe3 14. fxe3 Re8 $146 ({Predecessor:} 14... Qe7 15. e4 b5 16. Qxb5 Qe6 17. d5 Qg6 18. O-O Ne7 19. c6 Bg4 20. Qc5 Nc8 21. Ne5 Qg5 22. Nxg4 Qxg4 23. Rf2 {1-0 (23) Pilgaard,K (2446)-Szieberth,A (2376) Budapest 2003}) 15. e4 Bg4 16. O-O-O a5 17. Rd2 Bxf3 18. gxf3 Ne7 (18... Qf6 $142 19. Nd5 Qe6) 19. f4 $18 Kh8 20. f5 f6 21. Rg1 Qd7 $2 {[#]} (21... Nc6 22. Qb5 Qd7) 22. Qf7 $1 {[%csl Gg1][%cal Rf7g7]} Rg8 23. Nd5 {Accuracy: White = 81%, Black = 37%.} 1-0

[Event "XIII Figueira da Foz Open 2019"]
[Site "Figueira da Foz"]
[Date "2019.10.27"]
[Round "1.10"]
[White "Gama, Joao Goncalo Cerejei"]
[Black "Barski, Radoslaw"]
[Result "0-1"]
[WhiteElo "1712"]
[BlackElo "2437"]
[Annotator "RC"]
[PlyCount "106"]
[EventDate "2019.10.27"]
[EventType "swiss"]
[EventCountry "POR"]
[SourceTitle "playchess.com"]
[Source "ChessBase"]
[SourceQuality "1"]
[TimeControl "40/5400+30:1800+30"]

1. e4 {[%emt 0:00:00]} c5 {[%emt 0:00:00]} 2. Nf3 {[%emt 0:00:00]} d6 {[%emt 0:00:00]} 3. Bb5+ {[%emt 0:00:00]} Nc6 {[%emt 0:01:10]} 4. O-O {[%emt 0:00:37]} Bd7 {[%emt 0:00:20]} 5. Re1 {[%emt 0:00:34]} a6 {[%emt 0:00:57]} 6. Bf1 {[%emt 0:00:14]} Nf6 {[%emt 0:00:23]} 7. c3 {[%emt 0:00:32]} Bg4 {[%emt 0:00:28]} 8. h3 {[%emt 0:01:57]} Bxf3 {[%emt 0:00:51]} 9. Qxf3 {[%emt 0:00:14]} g6 {[%emt 0:00:09]} 10. Qd1 {[%emt 0:03:28]} Bg7 {[%emt 0:07:35]} 11. d4 {[%emt 0:04:02]} cxd4 {[%emt 0:01:44]} 12. cxd4 {[%emt 0:00:05]} d5 {[%emt 0:01:31]} 13. e5 {[%emt 0:03:37]} Nd7 {[%emt 0:00:04]} 14. Nc3 {[%emt 0:00:36]} e6 {[%emt 0:00:21]} 15. Be3 {[%emt 0:01:20]} O-O {[%emt 0:00:14]} 16. a4 {[%emt 0:00:38]} f6 {[%emt 0:02:06]} 17. exf6 {[%emt 0:02:19]} Qxf6 {[%emt 0:00:16]} 18. Ne2 {[%emt 0:01:01]} Nb6 {[%emt 0:01:24]} 19. b3 {[%emt 0:03:51]} Nc8 {[%emt 0:00:16]} 20. Rc1 {[%emt 0:01:40]} Nd6 {[%emt 0:00:24]} 21. g4 {[%emt 0:10:36]} Ne4 {[%emt 0:02:20]} 22. f4 {[%emt 0:02:05]} g5 {[%emt 0:01:20]} 23. Bg2 {[%emt 0:01:54]} gxf4 {[%emt 0:00:21]} 24. Nxf4 {[%emt 0:01:49]} Nxd4 {[%emt 0:04:48]} 25. Nh5 {[%emt 0:02:03]} Nf3+ {[%emt 0:01:47]} 26. Bxf3 {[%emt 0:02:03]} Qxf3 {[%emt 0:00:12]} 27. Qxf3 {[%emt 0:00:04]} Rxf3 {[%emt 0:00:07]} 28. Nxg7 {[%emt 0:05:58]} Kxg7 {[%emt 0:01:00]} 29. Bd4+ {[%emt 0:00:06]} Kg6 {[%emt 0:00:33]} 30. Re3 {[%emt 0:01:01]} Raf8 {[%emt 0:00:45]} 31. Rxf3 {[%emt 0:00:37]} Rxf3 {[%emt 0:00:18]} 32. Rc7 {[%emt 0:00:46]} Rxh3 {[%emt 0:12:38]} 33. Rg7+ {[%emt 0:00:13]} Kh6 {[%emt 0:00:15]} 34. Rxb7 {[%emt 0:02:17]} Kg5 {[%emt 0:03:38]} 35. Rg7+ {[%emt 0:01:06]} Kf4 {[%emt 0:00:48]} 36. Rf7+ {[%emt 0:00:40]} Kxg4 {[%emt 0:00:50]} 37. Rg7+ {[%emt 0:00:05]} Ng5 {[%emt 0:00:50]} 38. b4 {[%emt 0:02:44]} Rb3 {[%emt 0:00:39]} 39. Bc5 {[%emt 0:00:53]} e5 {[%emt 0:02:10]} 40. Be7 {[%emt 0:00:00]} h6 {[%emt 0:00:00]} 41. Rg6 {[%emt 0:02:02]} Kg3 {[%emt 0:01:19]} 42. Bxg5 {[%emt 0:00:20]} hxg5 {[%emt 0:00:03]} 43. Rxg5+ {[%emt 0:00:18]} Kf4 {[%emt 0:00:02]} 44. Rh5 {[%emt 0:00:14]} d4 {[%emt 0:00:12]} 45. Rh6 {[%emt 0:00:32]} Rxb4 {[%emt 0:00:31]} 46. Rxa6 {[%emt 0:00:05]} Ke3 {[%emt 0:00:23]} 47. Re6 {[%emt 0:00:11]} e4 {[%emt 0:00:13]} 48. a5 {[%emt 0:00:02]} d3 {[%emt 0:00:26]} 49. Rd6 {[%emt 0:01:03]} d2 {[%emt 0:00:14]} 50. a6 {[%emt 0:00:02]} Rd4 {[%emt 0:00:50]} 51. Rxd4 {[%emt 0:00:16]} Kxd4 {[%emt 0:00:01]} 52. a7 {[%emt 0:00:11]} d1=Q+ {[%emt 0:00:08]} 53. Kh2 {[%emt 0:00:06]} Kd5 0-1

[Event "XIII Figueira da Foz Open 2019"]
[Site "Figueira da Foz"]
[Date "2019.10.27"]
[Round "1.11"]
[White "Djuric, Stefan"]
[Black "Marcal, Armando Paulo Gomes"]
[Result "1-0"]
[WhiteElo "2356"]
[BlackElo "1706"]
[Annotator "TA"]
[PlyCount "49"]
[EventDate "2019.10.27"]
[EventType "swiss"]
[EventCountry "POR"]
[SourceTitle "playchess.com"]
[Source "ChessBase"]
[SourceQuality "1"]

{[%evp 10,53,35,35,93,86,93,97,78,74,103,40,39,37,31,35,28,21,25,4,12,17,20,2,3,5,5,3,9,-8,-4,-12,-14,-18,-16,-35,0,-18,-4,-21,396,373,367,397,387,364]} 1. e4 c6 2. c4 d5 3. exd5 cxd5 4. cxd5 Qxd5 5. Nc3 Qa5 6. d4 Bd7 {B10: Caro-Kann: 2 d3 and 2 c4} (6... Nf6 $14) (6... e6 7. Nf3 Nf6 8. Bd3 Be7 9. O-O Nc6 10. a3 O-O 11. Qc2 Bd7 12. Qb3 Qc7 13. Re1 Rfd8 14. h3 Be8 15. Be3 Rac8 16. Rac1 Qb8 17. Bb1 Na5 {1-0 (39) Slobodjan,R (2521)-Rustemov,A (2597) Germany 2002}) 7. Nf3 {And now Qb3 would win.} Nf6 8. Bc4 e6 {White is better.} 9. O-O Be7 10. d5 $146 (10. Re1 $16) ({Predecessor:} 10. Re1 O-O 11. Qb3 Qb4 12. d5 exd5 13. Nxd5 Nxd5 14. Bxd5 {1-0 (45) Gneiss,K (2127)-Meschnig,M (1952) Feffernitz 2004}) 10... exd5 $1 $14 11. Nxd5 Nxd5 12. Bxd5 Bc6 13. Bb3 {Threatens to win with Qe2.} O-O 14. Nd4 Bf6 15. Bd2 Qe5 16. Nxc6 Nxc6 17. Bc3 Qf5 18. Bc2 Qg5 $1 19. Qd3 {[%csl Gc2][%cal Rd3h7] [#]} g6 20. Rae1 Rad8 21. Qf3 Bxc3 22. Qxc3 Rd7 23. Re3 Rfd8 24. Rfe1 {Re8+ would kill now.} Ne7 $2 {[%mdl 8192] [#]} (24... Nd4 $11 {and Black is okay.}) 25. h4 {Played: f2-f4} 1-0